Revista de Historia. Tabla de contenido: número 67, 2013
שמור ב:
| פורמט: | ספר |
|---|---|
| שפה: | Spanish |
| יצא לאור: |
Costa Rica
2013
|
| תגים: |
הוספת תג
אין תגיות, היה/י הראשונ/ה לתייג את הרשומה!
|
MARC
| LEADER | 00000nam a22000007a 4500 | ||
|---|---|---|---|
| 003 | cru IIS | ||
| 005 | 20211216113343.0 | ||
| 008 | 211216b2013 cr ||||| |||| 00| 0 spa d | ||
| 040 | |c CRAI UCR | ||
| 245 | |a Revista de Historia. Tabla de contenido: número 67, 2013 | ||
| 260 | |a Costa Rica |c 2013 | ||
| 500 | |a Colección Centroamérica | ||
| 505 | |a Procesos de construcción y destrucción de la ciudadanía. El movimiento obrero en Galicia (1890-1939) Antonio Miguez Macho 13-45 // - Estudiantes radicales en México. El caso de los “enfermos” de la Universidad Autónoma de Sinaloa (UAS): 1972-1974 Sergio Arturo Sánchez Parra 47-87 // - Historiografía y movimientos sociales en El Salvador (1811-1932): un balance preliminar Carlos Gregorio López Bernal 89-119 // - Movimientos pro vivienda en San José: una clientela movilizada (1980-1990) Patricia Badilla Gómez, José M. Cerdas Albertazzi 121-156 // - Los siglos XIX y XX en la cafeticultura nacional: de la bonanza a la crisis del grano de oro mexicano Pablo Pérez Akaki 159-199 // - El juego académico y la historia aplicada Wilson Picado Umaña 203-220 // Manuel Sinisterra, Un viaje a Costa Rica de 1879 a 1881 Luis Armando Durán Segura 223-277 // | ||
| 773 | 0 | |0 40579 |9 6409 |a Universidad Nacional de Costa Rica |d Heredia, Costa Rica: EUNA |o 16150 |t Revista de Historia / |x 10129790 | |
| 942 | |2 ddc |c PP | ||
| 999 | |c 44008 |d 44008 | ||
| 773 | 0 | |0 40579 |9 6410 |a Universidad Nacional de Costa Rica |d Heredia, Costa Rica: EUNA |o 16151 |t Revista de Historia / |x 10129790 | |
